We hate to say it but ... Charles was right (Record no. 63071)

MARC details
000 -LEADER
fixed length control field 00686cam a2200229 4500
001 - CONTROL NUMBER
control field ABS62080
008 - FIXED-LENGTH DATA ELEMENTS--GENERAL INFORMATION
fixed length control field 000000n2000 000 0 eng u
035 ## - SYSTEM CONTROL NUMBER
System control number (Sirsi) u105173
100 ## - MAIN ENTRY--PERSONAL NAME
Personal name Spring, M.
245 ## - TITLE STATEMENT
Title We hate to say it but ... Charles was right
260 ## - PUBLICATION, DISTRIBUTION, ETC.
Date of publication, distribution, etc. 2000
490 ## - SERIES STATEMENT
Series statement Building
Volume/sequential designation 265(13) 31March 2000, 36-41(6)
520 ## - SUMMARY, ETC.
Summary, etc. Critique of Poundbury model village which awards marks out of 5 for fitness for purpose, delight, comfort and maintainability.
590 ## - LOCAL NOTE (RLIN)
Local note ABS
650 ## - SUBJECT ADDED ENTRY--TOPICAL TERM
Topical term or geographic name entry element POUNDBURY
650 ## - SUBJECT ADDED ENTRY--TOPICAL TERM
Topical term or geographic name entry element DENSITY
650 ## - SUBJECT ADDED ENTRY--TOPICAL TERM
Topical term or geographic name entry element SOCIAL HOUSING
650 ## - SUBJECT ADDED ENTRY--TOPICAL TERM
Topical term or geographic name entry element URBAN DEVELOPMENT
650 ## - SUBJECT ADDED ENTRY--TOPICAL TERM
Topical term or geographic name entry element SUSTAINABLE DEVELOPMENT
690 ## - LOCAL SUBJECT ADDED ENTRY--TOPICAL TERM (OCLC, RLIN)
Topical term or geographic name as entry element HOUSING
942 ## - ADDED ENTRY ELEMENTS (KOHA)
Suppress in OPAC 0
Holdings
Withdrawn status Lost status Source of classification or shelving scheme Damaged status Not for loan Home library Current library Shelving location Date acquired Total Checkouts Full call number Barcode Date last seen Copy number Price effective from Koha item type
    Dewey Decimal Classification     London London Journal article 03/04/2000   ABS62080 105173-1001 06/08/2019 1 06/08/2019 Journal article